000 00789nas a2200253 4500
001 BR2012002949
003 BR-BrBNA
005 20231205120458.0
007 ta
008 230509b bl.|||p| |||| 00| 00por d
040 _aBR-BrBNA
_bpor
_cBiblioteca Nacional de Agricultura
041 _a(Pt)
072 _aQ03
100 1 _aMachado, N.B.L.
100 1 _aGonçalves, L.P.
100 1 _aPereira, R.A.C.B.
245 1 _aCondições higiênico-sanitárias de panificadoras do município de Bauru, SP
650 _aCONSUMIDOR
650 _aHIGIENE DE ALIMENTO
650 _aSEGURANÇA ALIMENTAR
773 0 _tHigiene Alimentar (Brazil)
_xISSN 0101-9171
_g(Nov-Dec 2011), v. 25(202-203) p. 29-35
_wBR2012002949
909 _a202311
_bLúcia
_c55
_dLúcia Elande
942 _2AGRIS
_n0
_cANA
999 _c218715
_d218715